Le Corbusier : obras y proyectos = Le Corbusier : obras e projectos /

保存先:
書誌詳細
第一著者: Le Corbusier (autor)
その他の著者: Monteys, Xavier (texto) (texto)
フォーマット: 図書
言語:スペイン語
出版事項: Barcelona, España : Gustavo Gili, 2005, c2005
主題:
タグ: タグ追加
タグなし, このレコードへの初めてのタグを付けませんか!

MARC

LEADER 00000nam^a2200000^a^4500
001 000181692
005 20250521000000.0
009 20260310101939.582
020 |a 84-252-1795-4 
037 |a Acervo ITESO - Biblioteca 
041 |a ESP 
082 |a 720. 9494  |b LEC MON 
100 |a Le Corbusier  |e (autor) 
245 1 3 |a Le Corbusier :  |b obras y proyectos = Le Corbusier : obras e projectos /  |c Le Corbusier ; texto de X. Monteys ; tr. por Luiz M.G. Ribeiro, Maria Luiza Tristao de Araújo. 
264 4 |a Barcelona, España :  |b Gustavo Gili,  |c 2005, c2005 
300 |a 261 p. 
336 |a texto  |b txt  |2 rdacontenido 
337 |a sin mediación  |b n  |2 rdamedio 
338 |a volumen  |b nc  |2 rdasoporte 
545 0 |a Nacido en la Suiza francesa en 1887 con el nombre de Charles-Edouard Jeanneret, Le Corbusier es considerado uno de los creadores y teóricos con mayor influencia en la historia de la arquitectura y el urbanismo mundiales. Sin haber cursado la carrera de Arquitectura, Le Corbusier concibió y estructuró una propuesta en la que la forma depende de la función y el ser humano es el centro de la actividad arquitectónica. Los proyectos del suizo muestran una combinación de formas simples y volúmenes muy definidos, organizados de acuerdo a un orden lógico, racional y funcional y con una decoración sencilla y geométrica. Algunas de estas premisas también pueden observarse en sus pinturas, pero tienen su expresión más cabal y reconocida en su obra arquitectónica: las Casas Citrohan (1921); el Centro Carpenter de Artes Visuales, en la Universidad de Harvard (1964); el edificio moscovita Centrosojus (1928); los edificios parisinos del Albergue del Ejército de Salvación (1929) y la Casa de Suiza (1930); el Ministerio de Salud de Brasil, en Río de Janeiro (1936); la capilla de Notre-Dame-du-Haut (1950-55) y el convento de Sainte-Marie de la Tourette (1957-1961), entre otros proyectos. Fallecido en 1965 en Francia, Le Corbusier dejó también un importante legado teórico en su obra escrita. De ese legado forma parte La Carta de Atenas, la más polémica de sus obras teóricas, que constituye una exposición de principios de urbanismo no superados en la práctica hasta ahora. 
546 |a Edición bilingüe español-portugués 
649 |a XX 
650 |a Arquitectos Suizos -  |x Biografías 
650 |a Artistas Suizos -  |x Biografías 
650 |a Arquitectura Funcionalista 
650 |a Arquitectura Moderna 
650 |a Arquitectura Suiza 
650 |a Arte Moderno 
650 |a Arte Suizo 
600 |a Le Corbusier 
700 |a Monteys, Xavier  |e (texto) 
910 |a Fondo General 
920 |a Impresos - Libros 
930 |a Colección General 
905 |a 101 
901 |a 0500121424  |b IT1  |c ACC  |u 20250521 
902 |a https://opac.biblio.iteso.mx/vufind/Record/000181692